| 000 | 00366nam a22001337a 4500 | ||
|---|---|---|---|
| 999 |
_c177613 _d177613 |
||
| 010 | _aB-168568 | ||
| 035 | _aB-168568 | ||
| 100 | _aStone, carol leth | ||
| 245 |
_athe basics of biology/ _cCarol leth stone |
||
| 260 |
_a London _bgreenwood press |
||
| 270 | _awestport , connecticut | ||
| 300 |
_a280p. _b25cm(hbk) |
||
| 942 |
_2ddc _cEN _h574 _mSTO |
||